Zkrocení pana Walkera /

Bezohledným šéfům, jako je on, se potrhlé holky jako ona nelíbí. Nebo snad ano? Žhavá romantická komedie anglické autorky.

Uloženo v:
Série:Pán Londýna, část 1
Hlavní autor: Lucas, Rosa (Autor)
Další autoři: Vargová, Alžběta (Autor)
Médium: Kniha
Jazyk:Czech
Vydáno: Praha : Ikar, 2026
Vydání:Vydání první
Témata:
Celkem bylo vypůjčeno:0x
Příbuzné jednotky:Z cyklu:: Pán Londýna
Tagy:
Žádné tagy
LEADER 02513nam a2200481 i 4500
001 106213
003 CZ PrNK
005 20260428152816.0
007 ta
008 260414s2026 xr e 000 f cze
015 |a cnb003751402 
020 |a 9788024958149  |q (brožováno) 
040 |a ABG001  |b cze  |e rda 
041 1 |a cze  |h eng 
072 7 |a 821.111-3  |x Anglická próza, anglicky psaná  |2 Konspekt  |9 25 
080 |a 821.111-31  |2 MRF 
080 |a (0:82-312.5)  |2 MRF 
080 |a (0:82-993)  |2 MRF 
100 1 |a Lucas, Rosa  |7 xx0344133  |4 aut  |9 117296 
240 1 0 |a Taming Mr. Walker.  |l Česky 
245 1 0 |a Zkrocení pana Walkera /  |c Rosa Lucas ; přeložila Alžběta Vargová 
250 |a Vydání první 
264 1 |a Praha :  |b Ikar,  |c 2026 
300 |a 334 stran ;  |c 20 cm 
336 |a text  |b txt  |2 rdacontent 
337 |a bez média  |b n  |2 rdamedia 
338 |a svazek  |b nc  |2 rdacarrier 
500 |a Přeloženo z angličtiny 
520 2 |a Bezohledným šéfům, jako je on, se potrhlé holky jako ona nelíbí. Nebo snad ano? Žhavá romantická komedie anglické autorky.  |b Charlie Kaneová by si dokázala představit i lepší život. V práci zvedá telefony naštvaných zákazníků, byt v severním Londýně sdílí se třemi kamarádkami a myší rodinkou, a do toho se na oslavě opět shledává s nejlepším přítelem svého bratra Dannym Walkerem. To, že je arogantní, bezcitný a nechutně bohatý, by ji samo o sobě dokázalo příšerně otrávit, ale bohužel je tu ještě jedna věc. Před osmi lety se totiž tohohle nesnesitelně sexy chlapa pokusila svést... neúspěšně. Jako by toho ponížení ještě nebylo dost, jeho společnost odkoupí firmu, kde Charlie pracuje, a Danny se tak stává šéfem šéfa jejího šéfa. A chystá se jí dát vyhazov. Nakladatelská anotace. 
521 8 |a Pro čtenáře od 18 let 
655 7 |a anglické romány  |7 fd131814  |2 czenas  |9 53421 
655 7 |a milostné romány  |7 fd132840  |2 czenas  |9 53718 
655 7 |a erotické romány  |7 fd132211  |2 czenas  |9 53580 
655 9 |a English fiction  |2 eczenas 
655 9 |a love novels  |2 eczenas 
655 9 |a erotic novels  |2 eczenas 
700 1 |a Vargová, Alžběta  |7 xx0235337  |4 trl  |9 110073 
710 2 |a Ikar (nakladatelství)  |7 xx0237091  |4 pbl  |9 117123 
787 0 8 |i Z cyklu:  |t Pán Londýna  |g 1 
910 |a UOG502 
942 |2 ddc  |c KN 
999 |d 106213 
993 |0 0  |1 421180106939  |2 ddc  |4 0  |7 0  |9 99556  |b 0  |c 106939  |d 2026-04-28  |e 0  |f DOSP  |h 399.00  |i Koupě  |l DOSP  |r 2026-04-28  |t 6  |w 2026-04-28  |y KN  |z BELET  |n